[Event "2023 South West Open"]
[Site "Margaret River AUS"]
[Date "2023.07.29"]
[Round "1.1"]
[White "Hare,Tim"]
[Black "Kerr,Carter"]
[Result "1-0"]
[BlackElo "1485"]
[BlackFideId "3261859"]
[EventDate "2023.07.29"]
[PlyCount "0"]
[WhiteElo "2275"]
[WhiteFideId "4300629"]

1. Nf3 Nf6 2. g3 g6 3. Bg2 Bg7 4. d3 d6 5. O-O O-O 6. c3 e5 7. Qc2 Nc6 8. Nbd2
Be6 9. e4 Ne8 10. Nc4 Bxc4 11. dxc4 Nf6 12. h3 Qd7 13. Be3 Ne7 14. Rfd1 Ne8 15.
c5 f5 16. Qb3+ Kh8 17. Ng5 Nc6 18. Ne6 Rf6 19. Nxg7 Nxg7 20. exf5 Rb8 21. fxg6
Rxg6 22. cxd6 cxd6 23. Bxc6 Qxc6 24. Qd5 Qd7 25. Kh2 Nf5 26. Qxe5+ Rg7 27. Qf4
Nxe3 28. Qxe3 Re8 29. Qd4 Qf5 30. Re1 Rf8 31. Re2 Qf3 32. Rae1 Rf6 33. Re8+ Rg8
34. Rxg8+ Kxg8 35. Kg1 Rh6 36. Qg4+  1-0

[Event "2023 South West Open"]
[Site "Margaret River AUS"]
[Date "2023.07.29"]
[Round "1.2"]
[White "Molenaar,Michael"]
[Black "O'Mahoney,Keegan"]
[Result "1-0"]
[BlackElo "2193"]
[BlackFideId "2506190"]
[EventDate "2023.07.29"]
[PlyCount "0"]
[WhiteElo "1476"]
[WhiteFideId "0"]

1. d4 e6 2. c4 f5 3. g3 Nf6 4. Bg2 Be7 5. Nf3 O-O 6. O-O d6 7. Nc3 Ne4 { Maybe
premature. 7 ..a5 or 7 ..Qe8 are more common moves here.}  8. Nxe4 fxe4 9. Ne1
d5 10. Be3 Nc6 11. Rc1 Bf6 12. f3 dxc4 13. Rxc4 exf3 $155 14. Nxf3 Qd7 15. Bf2
Rd8 16. e4 b6 17. Qc2 Bb7 18. Rc1 Rac8 { Michael later said that Keegan had run
into his home prep but it is hard to know at what point that prep ended. For
sure is that Keegan burnt a lot of clock and was already below five minutes at
this point and no longer recording moves.}  19. Rxc6 Bxc6 20. Qxc6 Qxc6 21.
Rxc6 Rd6 22. Rc2 Rd7 23. Bh3 Re8 24. Rc6 Kf7 25. Kf1 Rde7 26. e5 Rd8 27. exf6
gxf6 28. Be1 a5 29. b4 Rd5 30. bxa5 bxa5 31. Ra6 e5 32. dxe5 fxe5 33. Rxa5 c5
34. Bg2 Kg7 35. h4 h6 36. Bc3 Kg6 37. Nxe5+ Rdxe5 38. Bxe5 Rxe5 39. Ra4 Re3 40.
Kf2 Rc3 41. Bd5 Kh7 42. h5 Kg7 43. g4 { And the defending champion falls at the
first fence!}   1-0

[Event "2023 South West Open"]
[Site "Margaret River AUS"]
[Date "2023.07.29"]
[Round "1.3"]
[White "Hardegen,Andrew"]
[Black "Mazza,Stephen"]
[Result "1-0"]
[BlackElo "1450"]
[BlackFideId "0"]
[EventDate "2023.07.29"]
[PlyCount "0"]
[WhiteElo "2169"]
[WhiteFideId "3204081"]

1. d4 Nf6 2. c4 e6 3. Nc3 Bb4 4. e3 O-O 5. Bd3 d5 6. cxd5 exd5 7. Ne2 Nc6 8. O-O
Re8 9. a3 Bd6 10. f3 Bd7 11. Bd2 a6 12. b4 Ne7 13. Qe1 Bf5 14. Bxf5 Nxf5 15. e4
dxe4 16. fxe4 Bxh2+ 17. Kxh2 Ng4+ 18. Kh3 Nge3 19. Bxe3 Nxe3 20. Qg3 Nxf1 21.
Rxf1 Re6 22. Kh2 Rg6 23. Qf2 Rf6 24. Qe1 Qd6+ 25. e5 Rh6+ 26. Kg1 Qg6 27. Qf2
Qh5 28. Qf4 Rf8 29. Ng3 Qh2+ 30. Kf2 f6 31. e6 a5 32. Qxc7 Rh3 33. Rh1 Qxh1 34.
Nxh1 Rxh1 35. e7 Re8 36. d5 Rc1 37. d6 Rc2+ 38. Kg3 h5 39. d7 h4+ 40. Kh2  1-0

[Event "2023 South West Open"]
[Site "Margaret River AUS"]
[Date "2023.07.29"]
[Round "1.4"]
[White "Smith,Doug"]
[Black "Holland,Dennis"]
[Result "0-1"]
[BlackElo "2101"]
[BlackFideId "3206491"]
[EventDate "2023.07.29"]
[PlyCount "0"]
[WhiteElo "1439"]
[WhiteFideId "0"]

1. e4 e5 2. Bc4 Nf6 3. d3 Bc5 4. Nc3 d6 5. h3 c6 6. Na4 Bb4+ 7. Nc3 b5 8. Bb3
Bc5 9. Nf3 h6 10. O-O a5 11. a3 Bb6 12. Qe2 O-O 13. Be3 Nbd7 14. Nh2 Nc5 15.
Ba2 Ne6 16. Ng4 Nxg4 17. Qxg4 Nd4 18. Qg3 Kh7 19. Bxd4 Bxd4 20. Kh1 f5 21. f4
exf4 22. Qxf4 Be5 23. Qf3 Bd7 24. Nd1 fxe4 25. Qxe4+ Kh8 26. Nc3 Qg5 27. Rf3
Rxf3 28. Qxf3 Bxc3 29. bxc3 Qf6 30. Qxf6 gxf6 31. Re1 Re8 32. Rxe8+ Bxe8 33.
Be6 c5 34. Bb3 Kg7 35. Kg1 h5 36. Kf2 Kg6 37. Ke3 Kf5 38. g3 Bc6 39. Bf7 Kg5
40. Be6 f5 41. d4 Be4 42. Bd7 b4 43. cxb4 cxb4 44. axb4 axb4 45. Ba4 h4 46. g4
Bg2 47. gxf5 Bxh3 48. Ke4 Bxf5+ 49. Kd5 h3 50. Kxd6 Be4  0-1

[Event "2023 South West Open"]
[Site "Margaret River AUS"]
[Date "2023.07.29"]
[Round "1.5"]
[White "Ellis,David"]
[Black "Williams,Joshua"]
[Result "1-0"]
[BlackElo "1406"]
[BlackFideId "0"]
[EventDate "2023.07.29"]
[PlyCount "0"]
[WhiteElo "2046"]
[WhiteFideId "3205568"]

1. d4 d5 2. Bg5 Nf6 3. Nd2 e6 4. e3 Be7 5. Bd3 Nc6 6. f4 Nb4 7. Be2 h6 8. Bxf6
Bxf6 9. c3 Nc6 10. Ngf3 Ne7 11. Bd3 Bd7 12. Qe2 O-O 13. Ne5 Nf5 14. Ndf3 Bh4+
15. Kd2 Be7 16. Rag1 a6 17. g4 Nd6 18. g5 hxg5 19. Nxg5 Bb5 20. Bh7+ Kh8 21.
Qh5 Bxg5 22. Rxg5 Qf6 23. Bg6+ Kg8 24. Qh7#  1-0

[Event "2023 South West Open"]
[Site "Margaret River AUS"]
[Date "2023.07.29"]
[Round "1.6"]
[White "Bufton,Noah"]
[Black "Vlietstra,Marc"]
[Result "0-1"]
[BlackElo "1980"]
[BlackFideId "3203433"]
[EventDate "2023.07.29"]
[PlyCount "0"]
[WhiteElo "1300"]
[WhiteFideId "0"]

1. e4 c5 2. Nf3 d6 3. d4 cxd4 4. Nxd4 Nf6 5. Nc3 a6 6. Bg5 e6 7. Qf3 Be7 8. Bd3
Nbd7 9. Nde2 Ne5 10. Qg3 h6 11. Bxf6 Bxf6 12. O-O-O b5 13. f4 Nxd3+ 14. Rxd3 b4
15. Nd1 Qc7 16. Ne3 Bb7 17. f5 Bxe4 18. Rxd6 Rc8 19. fxe6 Bxc2 20. exf7+ Kf8
21. Rd8+ Qxd8 22. Nxc2 Qc7 23. Qb3 Qc4 24. Qxc4 Rxc4 25. b3 Rc7 26. Nf4 Bg5 27.
Rf1 Rxf7 28. g3 Bxf4+ 29. gxf4 a5 30. Nd4 g5 31. Kd2 gxf4 32. Ne6+ Ke7 33. Nxf4
Rd8+ 34. Ke3 Rc8 35. Nd5+ Kf8 36. Rxf7+ Kxf7 37. Kd3 Ke6 38. Nb6 Rc5 39. Nc4
Rh5 40. a3 bxa3 41. Nxa3 Rxh2 42. Nc4 Rh3+ 43. Kc2 Rh5 44. Kb2 Rc5 45. Ne3 h5
46. Ng2 Kf5 47. Ka3 Kg4 48. Ka4 Re5 49. b4 axb4 50. Kxb4 Kg3  0-1

[Event "2023 South West Open"]
[Site "Margaret River AUS"]
[Date "2023.07.29"]
[Round "1.7"]
[White "Davoll,Josh"]
[Black "Cotterill,Graeme"]
[Result "1-0"]
[BlackElo "1222"]
[BlackFideId "0"]
[EventDate "2023.07.29"]
[PlyCount "0"]
[WhiteElo "1917"]
[WhiteFideId "3228134"]

1. d4 d5 2. Nf3 Nf6 3. e3 e6 4. Bd3 c5 5. b3 Nc6 6. Bb2 b6 7. Nbd2 Be7 8. O-O
O-O 9. a3 Bb7 10. Qe2 Re8 11. Rad1 a5 12. Ne5 Nxe5 13. dxe5 Nd7 14. c4 f5 15.
cxd5 Bxd5 16. e4 fxe4 17. Nxe4 Bxb3 18. Bc4 Bxc4 19. Qxc4 Bf8 20. f4 g6 21.
Rxd7  1-0

[Event "2023 South West Open"]
[Site "Margaret River AUS"]
[Date "2023.07.29"]
[Round "1.8"]
[White "O'Donnell,Simon"]
[Black "Clarke,Daniel"]
[Result "0-1"]
[BlackElo "1902"]
[BlackFideId "3247570"]
[EventDate "2023.07.29"]
[PlyCount "0"]
[WhiteElo "1117"]
[WhiteFideId "0"]

1. e4 e5 2. Nf3 Nc6 3. Nc3 Nf6 4. d4 exd4 5. Nxd4 Bc5 6. Be3 Bb6 7. Bb5 O-O 8.
O-O Re8 9. Qd3 Ne5 10. Qe2 c6 11. Ba4 Neg4 12. Bg5 Bxd4 13. Bxf6 Nxf6 14. Rad1
Bxc3 15. e5 Bxe5 16. Qc4 b5 17. Bxb5 cxb5 18. Qxb5 Qb6 19. Qxb6 axb6 20. c3
Rxa2 21. Rfe1 Rxb2 22. Kf1 Ba6+ 23. Kg1 Bxc3 24. Rxe8+ Nxe8  0-1

[Event "2023 South West Open"]
[Site "Margaret River AUS"]
[Date "2023.07.29"]
[Round "1.9"]
[White "Fyfe,Andrew"]
[Black "Chakraborty,Ruchira"]
[Result "1-0"]
[BlackElo "1100"]
[BlackFideId "0"]
[EventDate "2023.07.29"]
[PlyCount "0"]
[WhiteElo "1849"]
[WhiteFideId "0"]

1. b3 e5 2. Bb2 Nc6 3. e3 Bc5 4. Bb5 Nge7 5. Nf3 a6 6. Bxc6 Nxc6 7. Nxe5 Qf6 8.
Nd3 Bd4 9. Bxd4 Nxd4 10. exd4 O-O 11. O-O Qxd4 12. Nc3 d6 13. h3 Bf5 14. Qf3 g6
15. Qe3 Qh4 16. Nd5 Rac8 17. Ne7+ Kg7 18. Nxc8 Rxc8 19. c3 Kf8 20. Nf4 g5 21.
Ne2 Be4 22. Ng3 Re8 23. Nxe4 Rxe4 24. Qf3 Rf4 25. Qxb7 g4 26. Qxc7 Rf6 27. Qc8+
Kg7 28. Qxg4+  1-0

[Event "2023 South West Open"]
[Site "Margaret River AUS"]
[Date "2023.07.29"]
[Round "1.10"]
[White "Miller,Allan"]
[Black "McAteer,Ian"]
[Result "0-1"]
[BlackElo "1822"]
[BlackFideId "3230015"]
[EventDate "2023.07.29"]
[PlyCount "0"]
[WhiteElo "1100"]
[WhiteFideId "0"]

1. e4 c6 2. c4 d5 3. e5 e6 4. d4 Ne7 5. Nf3 b6 6. g3 Bb7 7. b3 Nd7 8. Bg2 Nf5 9.
O-O Rc8 10. Re1 Be7 11. Nc3 Bb4 12. Qc2 c5 13. Qd3 Ba6 14. a3 Bxc3 15. Qxc3
dxc4 16. bxc4 cxd4 17. Nxd4 Rxc4 18. Nc6 Qc7 19. Qb2 Rxc6 20. Bxc6 Qxc6 21. Bf4
Bb7 22. f3 Qxf3  0-1

[Event "2023 South West Open"]
[Site "Margaret River AUS"]
[Date "2023.07.29"]
[Round "1.11"]
[White "Andador,Dominador"]
[Black "Davey,Matthew"]
[Result "1-0"]
[BlackElo "1050"]
[BlackFideId "0"]
[EventDate "2023.07.29"]
[PlyCount "0"]
[WhiteElo "1819"]
[WhiteFideId "3239080"]

1. d4 d5 2. Bf4 Bf5 3. e3 Nf6 4. Nd2 e6 5. Ngf3 c5 6. Ne5 cxd4 7. Bb5+ Nfd7 8.
exd4 a6 9. Ba4 b5 10. Bb3 Qh4 11. g3 Qh3 12. Qe2 Qg2 13. O-O-O f6 14. Nxd7 Nxd7
15. Rhg1 Qxh2 16. Rh1 Qg2 17. Rdg1 Bd3 18. cxd3 Rc8+ 19. Kb1 Qxg1+ 20. Rxg1 a5
21. Qxe6+ Be7 22. Bd6 Rc6 23. Qxe7#  1-0

[Event "2023 South West Open"]
[Site "Margaret River AUS"]
[Date "2023.07.29"]
[Round "1.12"]
[White "Benson,Dave"]
[Black "Butcher,Robert"]
[Result "0-1"]
[BlackElo "1798"]
[BlackFideId "0"]
[EventDate "2023.07.29"]
[PlyCount "0"]
[WhiteElo "877"]
[WhiteFideId "0"]

1. e4 c5 2. Nf3 e6 3. Bc4 a6 4. Nc3 b5 5. Bd3 Bb7 6. O-O Qc7 7. a3 Nf6 8. b4 c4
9. Be2 Nxe4 10. Nxe4 Bxe4 11. Ng5 Bb7 12. Bg4 Qe5 13. f4 Qxa1 14. f5 Qe5 15.
Re1 Qd4+ 16. Re3 Be7 17. f6 Bxf6 18. Bh5 Bxg5 19. c3 Bxe3+ 20. dxe3 Qxd1+  0-1

[Event "2023 South West Open"]
[Site "Margaret River AUS"]
[Date "2023.07.29"]
[Round "1.13"]
[White "Simonds,Marcus"]
[Black "Hurst,Ashton"]
[Result "1-0"]
[BlackElo "672"]
[BlackFideId "0"]
[EventDate "2023.07.29"]
[PlyCount "0"]
[WhiteElo "1764"]
[WhiteFideId "3237575"]

1. d4 b5 2. e4 e6 3. Bxb5 c6 4. Bd3 d5 5. e5 f6 6. Qh5+ g6 7. Bxg6+ Ke7 8. Nf3
c5 9. c3 cxd4 10. cxd4 Qa5+ 11. Bd2 Qb5 12. Nc3 Qxb2 13. Rb1 Qa3 14. Bd3 Kd8
15. O-O Bb4 16. Rb3 Qa5 17. a3 Bxa3 18. Ra1 Ba6 19. Raxa3 Qc7 20. Bxa6 Nxa6 21.
Rxa6 Qc4 22. Raa3 Qd3 23. Ra1 Qc2 24. Rba3 Ne7 25. exf6 Nf5 26. Qg5 Ke8 27. g4
h6 28. Qg6+ Kf8 29. Rxa7 Rxa7 30. Rxa7 Qa2 31. Qf7#  1-0

[Event "2023 South West Open"]
[Site "Margaret River AUS"]
[Date "2023.07.29"]
[Round "2.1"]
[White "Butcher,Robert"]
[Black "Hare,Tim"]
[Result "1-0"]
[BlackElo "2275"]
[BlackFideId "4300629"]
[EventDate "2023.07.29"]
[PlyCount "0"]
[WhiteElo "1798"]
[WhiteFideId "0"]

1. d4 d6 2. Nc3 g6 3. e4 c6 4. Bg5 h6 5. Bf4 Bg7 6. Qd2 Nd7 7. O-O-O Qa5 8. Kb1
b5 9. Nf3 Nb6 10. h3 b4 11. Ne2 Nc4 12. Qe1 e5 13. dxe5 dxe5 14. Bd2 Nxd2+ 15.
Nxd2 Be6 16. Nc1 Ne7 17. Ncb3 Qb6 18. Bc4 O-O 19. Bxe6 fxe6 20. f3 a5 21. Nc4
Qc7 22. Nc5 Nd5 23. Nxe6 Qf7 24. exd5 cxd5 25. Nxf8 dxc4 26. Nd7 b3 27. axb3
cxb3 28. c3 Ra7 29. Nc5 Rc7 30. Ne4 Qc4 31. Qd2 Kh7 32. Qd6 Rf7 33. Qd5 Qc7 34.
Qxb3 Rf8 35. Rd5 Rb8 36. Rb5 Ra8 37. Rb7 Qc6 38. Qf7  1-0

[Event "2023 South West Open"]
[Site "Margaret River AUS"]
[Date "2023.07.29"]
[Round "2.2"]
[White "Simonds,Marcus"]
[Black "Hardegen,Andrew"]
[Result "0-1"]
[BlackElo "2169"]
[BlackFideId "3204081"]
[EventDate "2023.07.29"]
[PlyCount "0"]
[WhiteElo "1764"]
[WhiteFideId "3237575"]

1. e4 e6 2. d4 d5 3. e5 c5 4. c3 Nc6 5. Nf3 Bd7 6. a3 f6 7. exf6 Nxf6 8. Bd3 Qc7
9. O-O c4 10. Bc2 Bd6 11. Bg5 O-O-O 12. Nbd2 Rdf8 13. h3 h6 14. Be3 g5 15. Ne5
Nxe5 16. dxe5 Bxe5 17. Bd4 Bxd4 18. cxd4 Qf4 19. g3 Qxd4 20. Qe2 g4 21. h4 b5
22. Rab1 Re8 23. a4 b4 24. b3 c3 25. Qa6+ Kd8 26. Nc4 dxc4 27. Rbd1 Qb6 28.
Qxc4 Rhg8 29. a5 Qxa5 30. Ra1 Qb6 31. Ra6 Qb5 32. Qxb5 Bxb5 33. Rd1+ Nd5 34.
Rxa7 Bc6  0-1

[Event "2023 South West Open"]
[Site "Margaret River AUS"]
[Date "2023.07.29"]
[Round "2.3"]
[White "Holland,Dennis"]
[Black "Iwach,Dylan"]
[Result "1-0"]
[BlackElo "1581"]
[BlackFideId "0"]
[EventDate "2023.07.29"]
[PlyCount "0"]
[WhiteElo "2101"]
[WhiteFideId "3206491"]

1. d4 e6 2. c4 d5 3. Nc3 Nf6 4. Bg5 Be7 5. e3 O-O 6. Nf3 Nbd7 7. Qc2 c6 8. Be2
Re8 9. O-O Nf8 10. Ne5 N6d7 11. Bxe7 Rxe7 12. f4 f6 13. Nf3 dxc4 14. Bxc4 Kh8
15. Bd3 e5 16. fxe5 fxe5 17. Ng5 g6 18. Nf7+ Rxf7 19. Rxf7 exd4 20. exd4 Qe8
21. Qf2 Kg8 22. Bc4 Ne6 23. Bxe6 Qxe6 24. Rf1 Qe8 25. Qf4 b6 26. Ne4 Qd8 27.
Qh6  1-0

[Event "2023 South West Open"]
[Site "Margaret River AUS"]
[Date "2023.07.29"]
[Round "2.4"]
[White "Mueller,Dominik"]
[Black "Ellis,David"]
[Result "0-1"]
[BlackElo "2046"]
[BlackFideId "3205568"]
[EventDate "2023.07.29"]
[PlyCount "0"]
[WhiteElo "1600"]
[WhiteFideId "0"]

1. d4 e6 2. c4 Bb4+ 3. Nc3 Bxc3+ 4. bxc3 f5 5. Bf4 d6 6. e3 Nf6 7. Nf3 O-O 8.
Bd3 Qe7 9. O-O Nbd7 10. a4 e5 11. Bg5 e4 12. Nh4 exd3 13. Nxf5 Qe4 14. Ng3 Qg6
15. h4 h6 16. Bf4 Nb6 17. Qb3 Qf7 18. d5 Nbd7 19. Rfd1 Nc5 20. Qb1 Nh5 21. Nxh5
Qxh5 22. Bg3 Bg4 23. Rd2 Be2 24. Ra3 Qe8 25. Qb2 Ne4 26. Rxe2 dxe2 27. Qxe2
Nxg3 28. fxg3 Qe5 29. Kh2 Rae8 30. Qb2 b6 31. a5 Qxe3 32. axb6 axb6 33. Ra7 Rf2
34. Qb5 Qe2 35. Rxc7 Rxg2+ 36. Kh3 Rh2#  0-1

[Event "2023 South West Open"]
[Site "Margaret River AUS"]
[Date "2023.07.29"]
[Round "2.5"]
[White "Vlietstra,Marc"]
[Black "Prince,John"]
[Result "1-0"]
[BlackElo "1528"]
[BlackFideId "3266060"]
[EventDate "2023.07.29"]
[PlyCount "0"]
[WhiteElo "1980"]
[WhiteFideId "3203433"]

1. e4 c6 2. d4 d5 3. Nc3 dxe4 4. f3 exf3 5. Nxf3 Bg4 6. Bc4 e6 7. Be3 Bd6 8. O-O
Nf6 9. Qe1 Qc7 10. Qh4 Bxf3 11. Rxf3 Nbd7 12. a4 Qb6 13. Rf2 c5 14. d5 e5 15.
Nb5 a6 16. a5 axb5 17. axb6 Rxa1+ 18. Bf1 Nxd5 19. Rd2 Nf4 { Recorded moves
from this point are non-sensical.}   1-0

[Event "2023 South West Open"]
[Site "Margaret River AUS"]
[Date "2023.07.29"]
[Round "2.6"]
[White "Caden,Matt"]
[Black "Davoll,Josh"]
[Result "1-0"]
[BlackElo "1917"]
[BlackFideId "3228134"]
[EventDate "2023.07.29"]
[PlyCount "0"]
[WhiteElo "1525"]
[WhiteFideId "0"]

1. e4 c5 2. d4 cxd4 3. c3 dxc3 4. Nxc3 Nc6 5. Bc4 e6 6. Nf3 Nge7 7. Bg5 h6 8.
Nb5 d5 9. Bxe7 Qxe7 10. Be2 dxe4 11. Nd2 a6 12. Nc3 e3 13. fxe3 Qg5 14. O-O Bc5
15. Kh1 O-O 16. Nde4 Qxe3 17. Rf3 Qd4 18. Rd3 Qe5 19. Nxc5 Qxc5 20. Rg3 f5 21.
Qd2 Rf6 22. Rf1 Qd4 23. Rd3 Qc5 24. Rg3 Qe7 25. Bh5 Bd7 26. Qf4 Be8 27. Bxe8
Rxe8 28. Ne4 Rff8 29. Nd6 e5 30. Qxh6 Rf6 31. Rxg7+ Qxg7 32. Qxg7+ Kxg7 33.
Nxe8+ Kf7 34. Nxf6 Kxf6 35. g3 Nd4 36. Kg2 Kg5 37. h3 b5 38. Kf2 a5 39. Rc1 f4
40. gxf4+ Kxf4 41. h4 e4 42. Rh1 e3+ 43. Ke1 Nf3+ 44. Ke2 Nd4+ 45. Kd3 Nf5 46.
h5 Kg5 47. h6 Nxh6 48. Rxh6 Kxh6 49. Kxe3  1-0

[Event "2023 South West Open"]
[Site "Margaret River AUS"]
[Date "2023.07.29"]
[Round "2.7"]
[White "Clarke,Daniel"]
[Black "Wu,Kobe"]
[Result "1-0"]
[BlackElo "1523"]
[BlackFideId "3257355"]
[EventDate "2023.07.29"]
[PlyCount "0"]
[WhiteElo "1902"]
[WhiteFideId "3247570"]

1. e4 e5 2. Nf3 Nc6 3. Bb5 a6 4. Ba4 b5 5. Bb3 Nf6 6. O-O Be7 7. c3 O-O 8. Re1
d5 9. exd5 Nxd5 10. Nxe5 Nxe5 11. Rxe5 c6 12. d4 Bf6 13. Re1 Bf5 14. Be3 Re8
15. Nd2 Qd7 16. Bxd5 Qxd5 17. Qf3 Rad8 18. a4 Bg6 19. Qxd5 Rxd5 20. axb5 axb5
21. Bg5 Red8 22. Bxf6 gxf6 23. Nb3 Rb8 24. Nc5 b4 25. Na6 bxc3 26. bxc3 Rb3 27.
Re3 Ra5 28. Ree1 Rxa1 29. Rxa1 Rxc3 30. f3 Bd3 31. Nc5 Bb5 32. Rd1 Kg7 33. Kf2
Kg6 34. Kg3 Kf5 35. Ne4 Rd3 36. Rxd3 Bxd3 37. Nc3 Bb5 38. d5 Ke5 39. Kg4 Kd6
40. dxc6 Bxc6 41. Kh5 Bd7 42. Ne4+ Ke5 43. Kh6 Bf5 44. Kg7 Bg6 45. Nxf6 Kf4 46.
Nxh7 Ke3 47. Ng5 Kf2 48. g4 Ke3 49. h4 Kf4 50. Nxf7 Bd3 51. Ng5 Bc2 52. h5 Kxg5
53. h6 Kf4 54. h7 Bxh7 55. Kxh7 Kg5 56. Kg7 Kf4 57. Kf6 Kxf3 58. g5 Ke4 59. g6
Kd5 60. g7 Kd6  1-0

[Event "2023 South West Open"]
[Site "Margaret River AUS"]
[Date "2023.07.29"]
[Round "2.8"]
[White "Moseley,Paul"]
[Black "Fyfe,Andrew"]
[Result "1-0"]
[BlackElo "1849"]
[BlackFideId "0"]
[EventDate "2023.07.29"]
[PlyCount "0"]
[WhiteElo "1516"]
[WhiteFideId "3250911"]

1. d4 c5 2. e3 e6 3. Nf3 d5 4. b3 cxd4 5. exd4 Nf6 6. Nbd2 Bd6 7. Bd3 O-O 8. Bb2
Nbd7 9. O-O Re8 10. Ne5 Qc7 11. f4 Qb6 12. Kh1 a6 13. g4 Nf8 14. c4 dxc4 15.
Ndxc4 Qc7 16. Rc1 Nd5 17. Nxd6 Qxd6 18. Nc4 Qd8 19. Qe1 b5 20. Ne5 Bb7 21. Kg1
Rc8 22. Qg3 f6 23. Nf3 Ne3 24. Rfe1 Rxc1 25. Bxc1 Nd5 26. Bb2 Nb4 27. Bb1 Nc6
28. Rd1 Qb6 29. Qf2 Rd8 30. h4 e5 31. fxe5 fxe5 32. Ng5 Rd7 33. Bf5 Re7 34. d5
Qxf2+ 35. Kxf2 Nd4 36. Bxd4 Bxd5 37. Bc5 Rf7 38. Bxf8 Rd7  1-0

[Event "2023 South West Open"]
[Site "Margaret River AUS"]
[Date "2023.07.29"]
[Round "2.9"]
[White "McAteer,Ian"]
[Black "Molenaar,Michael"]
[Result "1-0"]
[BlackElo "1476"]
[BlackFideId "0"]
[EventDate "2023.07.29"]
[PlyCount "0"]
[WhiteElo "1822"]
[WhiteFideId "3230015"]

1. d4 d5 2. Nc3 Nf6 3. Bf4 e6 4. e3 a6 5. Bd3 c5 6. dxc5 Bxc5 7. Na4 Bd6 8. Bxd6
Qxd6 9. Nc3 Nc6 10. a3 O-O 11. g4 Ne5 12. g5 Nxd3+ 13. cxd3 Ne8 14. Qf3 f6 15.
Qh5 fxg5 16. Qxg5 Rf6 17. Nge2 Rg6 18. Qh4 e5 19. d4 e4 20. Nf4 Rg4 21. Qh5 Nf6
22. Qe5 Qxe5 23. dxe5 Nd7 24. e6 Nc5 25. e7 Nd3+ 26. Nxd3 Be6 27. Nf4 Kf7 28.
Nfxd5 Rg5 29. O-O-O Rg2 30. Nc7 Rc8 31. e8=Q+ Rxe8 32. Nxe8  1-0

[Event "2023 South West Open"]
[Site "Margaret River AUS"]
[Date "2023.07.29"]
[Round "2.11"]
[White "O'Mahoney,Keegan"]
[Black "Donaldson,Gary"]
[Result "1-0"]
[BlackElo "1632"]
[BlackFideId "3218570"]
[EventDate "2023.07.29"]
[PlyCount "0"]
[WhiteElo "2193"]
[WhiteFideId "2506190"]

1. d4 Nf6 2. Bg5 d5 3. Bxf6 exf6 4. e3 Bd6 5. g3 O-O 6. Bg2 c6 7. Ne2 Bf5 8. O-O
Nd7 9. b3 a5 10. c4 dxc4 11. bxc4 Be6 12. Qd3 Bg4 13. Nbc3 Bh5 14. Rfd1 Re8 15.
c5 Bc7 16. Rd2 Qe7 17. Nf4 Bxf4 18. exf4 Rad8 19. Qb1 Nxc5 20. h3 Ne6 21. g4
Nxf4 22. gxh5 Nxh5 23. Re2 Qc7 24. Qe1 Rxe2 25. Nxe2 Re8 26. Qd2 Qe7 27. Bf3 g6
28. Bxh5 gxh5 29. Ng3 Qe6 30. Nxh5 Kh8 31. Kh2 Qd6+ 32. Qf4 Qxf4+ 33. Nxf4 Re4
34. Nh5 Rxd4 35. Re1 Rd8 36. Re7 Kg8 37. Rxb7 Rc8 38. Nxf6+ Kg7 39. Ne4 c5 40.
Nd6 Rf8 41. Rc7 Kf6 42. Rxc5 Ke6 43. Nc4 a4 44. Ra5 f5 45. Rxa4 Rc8 46. Ne3 Rc5
47. Rc4 Ra5 48. a4 h5 49. Kg3 Kf6 50. Rb4  1-0

[Event "2023 South West Open"]
[Site "Margaret River AUS"]
[Date "2023.07.29"]
[Round "2.12"]
[White "Kerr,Lennon"]
[Black "Miller,Allan"]
[Result "1-0"]
[BlackElo "1100"]
[BlackFideId "0"]
[EventDate "2023.07.29"]
[PlyCount "0"]
[WhiteElo "1576"]
[WhiteFideId "3261735"]

1. e4 c5 2. Nf3 d6 3. d4 Nd7 4. Bc4 b6 5. O-O e5 6. Ng5 Nh6 7. Qf3 Nf6 8. dxe5
dxe5 9. Bb5+ Bd7 10. Rd1 a6 11. Bxd7+ Nxd7 12. Nc3 Be7 13. Nh3 g5 14. Qh5 Ng4
15. Qxg4 h6 16. Be3 Rg8 17. Qf5 Ra7 18. Qh7 Kf8 19. Qxh6+ Ke8 20. Nd5 g4 21.
Ng5 Bxg5 22. Bxg5 Qxg5 23. Qc6 Qd8 24. Ne3 Rg6 25. Qd5 Rc7 26. Nf5 Qb8 27. Rd3
Qb7 28. Nd6+ Rxd6 29. Qxd6 Qxe4 30. Qxc7 Qf5 31. Rad1  1-0

[Event "2023 South West Open"]
[Site "Margaret River AUS"]
[Date "2023.07.29"]
[Round "2.13"]
[White "Kerr,Carter"]
[Black "Davey,Matthew"]
[Result "1-0"]
[BlackElo "1050"]
[BlackFideId "0"]
[EventDate "2023.07.29"]
[PlyCount "0"]
[WhiteElo "1485"]
[WhiteFideId "3261859"]

1. e4 c6 2. Nf3 d5 3. Nc3 dxe4 4. Nxe4 Nf6 5. Qe2 e6 6. d3 Bb4+ 7. c3 Be7 8. Ng3
O-O 9. Bg5 Nd5 10. h4 f6 11. Bd2 e5 12. O-O-O Bg4 13. h5 h6 14. Qe4 Bxf3 15.
gxf3 Nd7 16. Qg6 b5 17. Bh3 Qe8 18. Bxd7 Qxd7 19. Nf5 Bc5 20. Rhg1 Rf7 21. Bxh6
Bxf2 22. Bxg7 Bxg1 23. Nh6#  1-0

[Event "2023 South West Open"]
[Site "Margaret River AUS"]
[Date "2023.07.29"]
[Round "2.14"]
[White "Mazza,Stephen"]
[Black "Benson,Dave"]
[Result "1-0"]
[BlackElo "877"]
[BlackFideId "0"]
[EventDate "2023.07.29"]
[PlyCount "0"]
[WhiteElo "1450"]
[WhiteFideId "0"]

1. d4 d5 2. c4 Nf6 3. Nc3 e6 4. Bg5 Bb4 5. e3 Ne4 6. Bxd8 Nxc3 7. bxc3 Bxc3+ 8.
Ke2 Bxa1 9. Qxa1 Kxd8 10. Nf3 b5 11. cxb5 c6 12. Ne5 Rf8 13. bxc6 Ba6+ 14. Ke1
Bxf1 15. Rxf1 f6 16. c7+ Kxc7 17. Qc3+ Kd8 18. Nc6+ Ke8  1-0

[Event "2023 South West Open"]
[Site "Margaret River AUS"]
[Date "2023.07.29"]
[Round "3.1"]
[White "Hardegen,Andrew"]
[Black "McAteer,Ian"]
[Result "1/2-1/2"]
[BlackElo "1822"]
[BlackFideId "3230015"]
[EventDate "2023.07.29"]
[PlyCount "0"]
[WhiteElo "2169"]
[WhiteFideId "3204081"]

1. d4 d5 2. c4 c6 3. Nf3 Nf6 4. Nc3 e6 5. Qc2 Nbd7 6. e3 Bd6 7. Bd3 dxc4 8. Bxc4
b5 9. Bd3 Bb7 10. O-O h6 11. Rd1 Rc8 12. e4 Be7 13. Qe2 b4 14. Na4 Qa5 15. b3
Qh5 16. Ba6 Rb8 17. Bf4 Bxa6 18. Qxa6 Ra8 19. Qxc6 O-O 20. Re1 Rfc8 21. Qb7 Bf8
22. Rac1 Rd8 23. Ne5 ( { Our silicon friends tell us that this somehow lets the
edge slip away. Better is } 23. Bc7 Re8 24. Rc6 Nb6 25. Nb2 )23... Rdb8 24. Qc6
Rc8 25. Qa6 Rxc1 26. Rxc1 Nxe5 27. dxe5 Nxe4 28. Qc6 Rd8 29. f3 Ng5 30. Qc7 Rd5
31. Qxa7 Qg6 32. Qe3 Rd3 ( 32... Nh3+ 33. Kf1 Rd3 34. gxh3 Rxe3 35. Bxe3 )33.
Bxg5 Rxe3 34. Bxe3 Qd3 35. Kf2 Kh7 36. Rc8 Be7 37. Rc7 Bd8 38. Rc4 Kg6 39. Rd4
{ At this point White was already down to a couple of minutes and Black allowed
his clock to drop below five mintues and then both players blitzed out their 20
or so moves, eventually agreeing a draw. What follows is from memory.}  39...
Qb1 40. Rxd8 Qxa2+ 41. Rd2 Qxb3 42. Nb6  1/2-1/2